000 00541nam a2200157 i 4500
001 97964
003 ES-MaACL
005 20230906182206.0
007 t|
008 050721s1912 sp ||||1| spa d
100 1 _aMarín Toyos, Daniel.
_976816
245 1 0 _aTeoría elemental del cálculo de variaciones y de las modificaciones introducidas en él por Weierstrass
_b: tesis doctoral /
_cDaniel Marín y Toyos.
260 _aMadrid :
_b[s.n.],
_c1912 (
_fImp. de Eduardo Arias)
502 _aTesis Doctoral.
852 _aES-MaACL
_jT-1368-F-4
999 _c97964
_d97964